[Event "Tournament "]
[Site "Internet"]
[Date "2003.11.08"]
[Round "6"]
[White "Dovramadjiev Tihomir (BUL)"]
[Black "Abergel Thal (FRA)"]
[Result "0-1"]
[WhiteElo "2331"]
[BlackElo "2428"]

1.c4 c5 2.g3 g6 3.Bg2 Bg7 4.Nf3 Nf6 5.O-O O-O 6.Nc3 Nc6 7.b3 b6 8.Bb2 Bb7 9.d4
cxd4 10.Nxd4 Rc8 11.e3 Qc7 12.Rc1 Nxd4 13.exd4 Bxg2 14.Kxg2 d5 15.c5 bxc5
16.Na4 c4 17.Ba3 Rfd8 18.Qe2 e6 19.Bc5 Nd7 20.bxc4 Nxc5 21.dxc5 d4 22.Rfd1
Qc6+ {#R} 0-1

[Event "Memorial E.Parisa (open)"]
[Site "Rijeka (Croatia)"]
[Date "2004.01.24"]
[Round "3"]
[White "Loncar Robert (CRO)"]
[Black "Doric Darko (CRO)"]
[Result "0-1"]
[WhiteElo "2385"]
[BlackElo "2324"]

1.c4 c5 2.Nf3 Nc6 3.d4 cxd4 4.Nxd4 f5 5.Nc3 g6 6.g3 Bg7 7.Nc2 Bxc3+ 8.bxc3 Qa5
9.Ne3 d6 10.Bg2 Bd7 11.O-O Rc8 12.c5 Qxc5 13.c4 Nf6 14.Bb2 O-O 15.Rc1 b6
16.Nd5 Ne4 17.e3 Rf7 18.Qe2 Qa5 19.Rfd1 Qa4 20.f3 Nc5 21.Ba1 h6 22.Qb2 Kh7
23.Bf1 Be6 24.Nf4 Ne5 25.Nxe6 Nxe6 26.Be2 Qc6 {#R} 0-1

[Event "Ch Peru"]
[Site "Lima (Peru)"]
[Date "2004.03.08"]
[Round "4"]
[White "Retamozo Henry (PER)"]
[Black "Zapata David (PER)"]
[Result "1-0"]
[WhiteElo "2236"]
[BlackElo "2170"]

1.c4 c5 2.Nc3 b6 3.Nf3 Bb7 4.g3 Nf6 5.Bg2 e6 6.O-O Be7 7.b3 O-O 8.d4 cxd4
9.Nxd4 Bxg2 10.Kxg2 d6 11.Qd3 a6 12.Rd1 Ra7 13.Ba3 Rd7 14.Qf3 Qc7 15.Rd2 Rfd8
16.Rad1 Bf8 17.Rc2 Rc8 18.e4 Nc6 19.Nxc6 Qxc6 20.Bb2 b5 21.cxb5 axb5 22.Rdc1
Qb7 23.Nd5 exd5 24.Rxc8 dxe4 25.Qf5 Nd5 26.Bxg7 e3 27.Kh3 Ne7 28.Rxf8+ {#r}
1-0

[Event "Ch Bosnia & Herzegovina (team)"]
[Site "Neum (Bosnia & Herzegovina)"]
[Date "2004.06.01"]
[Round "4"]
[White "Milanovic Danilo (SRB)"]
[Black "Bistric Faruk (BIH)"]
[Result "1-0"]
[WhiteElo "2434"]
[BlackElo "2466"]

{ } 1.c4 { 1 } 1...c5 2.b3 Nc6 3.Bb2 e5 { = } 4.e3 ( 4.g3 d6 5.Bg2 Be6 6.Nc3
Qd7 7.Nf3 Bh3 8.Bxh3 Qxh3 9.Nd5 Qd7 10.e3 Nce7 11.Nc3 Nf6 12.O-O e4 13.Ng5 d5
14.cxd5 Qf5 15.Nxf7 Kxf7 16.f3 Nexd5 17.fxe4 Nxc3 18.Bxc3 Qxe4 19.Qh5+ Ke6
20.Qh3+ Kd6 21.b4 Kc7 22.Rac1 Rc8 23.Rf5 Qg4 { ...1-0, Tal Mikhail 2650 -
Velimirovic Dragoljub 2515 , Teslic 1979 Match } ) ( 4.Nc3 g6 5.g3 Bg7 6.Bg2
Nge7 7.e3 O-O 8.d3 d6 9.Nge2 Rb8 10.O-O a6 11.Qd2 b5 12.Nd5 Nxd5 13.cxd5 Ne7
14.e4 f5 15.f4 Bd7 16.Kh1 Qb6 17.Rac1 Rbc8 18.Ng1 Bh6 19.Ba1 Rf7 20.Nf3 c4
21.Bxe5 dxe5 22.Nxe5 Be8 23.dxc4 fxe4 { ...1-0, Kornev Alexei 2518 - Bocharov
Dmitry 2425 , Tula 2001 Cup Russia (open) } ) ( 4.Nf3 d6 5.g3 g6 6.Bg2 Bg7
7.O-O Nge7 8.Nc3 O-O 9.Ne1 Bg4 10.Nc2 Qd7 11.Ne3 Bh3 12.Ned5 Bxg2 13.Kxg2 f5
14.e3 Rae8 15.Rb1 h5 16.a3 Nxd5 17.Nxd5 Ne7 18.Qf3 e4 19.Nxe7+ Rxe7 20.Qf4 d5
21.Bxg7 Kxg7 22.Rfc1 dxc4 23.Rxc4 Qxd2 { ...1-0, Seirawan Yasser 2575 -
Polugaevsky Lev A 2605 , Monte Carlo 1993 It "Melody Amber" (blindfold) } )
4...g6 5.d3 ( 5.Nf3 Bg7 6.h4 h6 7.a3 d6 8.Be2 Nge7 9.b4 cxb4 10.d4 bxa3
11.Nxa3 O-O 12.d5 Nb4 13.Nb5 Bf5 14.O-O a6 15.Nc3 a5 16.Nb5 Bg4 17.Bc3 Nf5
18.g3 Qb6 19.Kh2 h5 20.Nd2 Nd3 21.Bxg4 Nxf2 22.Rxf2 Nxe3 { 1/2-1/2, Schleifer
Michael 2333 - Lesiege Alexandre 2553 , Montreal 1999 Ch Quebec } ) 5...Bg7 {
} 6.Nd2 { N } ( 6.Nf3 Nge7 7.Qc2 ( 7.Nbd2 O-O 8.Rc1 d6 9.Qc2 h6 10.Be2 f5
11.O-O g5 12.Ne1 f4 13.Ne4 g4 14.exf4 exf4 15.Bxg7 Kxg7 16.Qb2+ Nd4 17.Nc2 Nc6
18.f3 h5 19.Rf2 Kh7 20.Rcf1 Nxe2+ 21.Rxe2 gxf3 22.gxf3 Bh3 23.Rd1 Qh4 24.Kh1
Ne5 25.d4 Nxf3 { ...0-1, Schoene Ralf 2425 - Wilhelmi Christian 2470 , Germany
1998 Bundesliga 1997/98 } ) 7...O-O 8.Be2 b6 9.O-O d5 10.cxd5 Nxd5 11.a3 Bb7
12.Nc3 Nxc3 13.Bxc3 Qe7 14.Rab1 Rac8 15.Qb2 b5 16.b4 cxb4 17.axb4 Rfd8 18.Rfe1
a6 19.Qa1 a5 20.bxa5 b4 21.a6 Ra8 22.d4 Bxa6 23.Bxa6 bxc3 24.Rb6 Qc7 25.Rb7
Qxb7 { ...0-1, Markowski Tomasz 2603 - Barkhagen Jonas 2477 , Singapore 1990
Ch World (juniors) (under 16) } ) ( 6.a3 Nge7 7.Qc2 O-O 8.Nd2 d5 9.cxd5 Qxd5
10.Ngf3 h6 11.Be2 Be6 12.O-O Rac8 13.Rab1 g5 14.Rfc1 b6 15.Ba1 f5 16.Qd1 e4
17.Bxg7 Kxg7 18.Ne1 Rcd8 19.Qc2 Ne5 20.Qc3 Rf6 21.Nc4 exd3 22.Nxd3 Nxd3 23.Rd1
g4 24.Rxd3 Qe4 25.Rxd8 Qxb1+ { ...0-1, Deleyn Gunter 2213 - Hautot Stephane
2103 , Belgium 1999 Ch Belgium (team) 1998/99 } ) 6...Nge7 7.a3 O-O 8.Qc2 d6
9.Be2 f5 10.Ngf3 h6 11.h3 Be6 12.g4 fxg4 13.hxg4 Bxg4 14.O-O-O Rf5 { ?! } (
14...Qd7 { !? } 15.Rdg1 a5 16.Kd1 a4 { } ) 15.Rhg1 h5 16.Rg3 Qd7 17.Rdg1 Raf8
18.Qd1 g5 { ? } ( { ? } 18...Bf6 19.Ne4 b5 20.Nfd2 Bxe2 { } ) 19.Ne4 Bxf3
20.Bxf3 g4 21.Bxg4 hxg4 22.Qxg4 Nc8 23.Qxg7+ Qxg7 24.Rxg7+ Kh8 25.Rxb7 R5f7
26.Rxf7 Rxf7 27.f4 Rf5 28.Rg5 Rxg5 29.Nxg5 Kg8 30.fxe5 { } {#r} 1-0

[Event "It (open)"]
[Site "Las Vegas (USA)"]
[Date "2004.06.18"]
[Round "1"]
[White "Farrell John F (USA)"]
[Black "Ishkanov Tigran (USA)"]
[Result "1-0"]
[WhiteElo "2053"]
[BlackElo "2306"]

1.c4 c5 2.g3 Nc6 3.Bg2 e5 4.Nc3 Nf6 5.d3 d6 6.Nf3 Be7 7.O-O O-O 8.a3 h6 9.e4
Bg4 10.h3 Bxf3 11.Bxf3 Nd4 12.Bg2 Nh7 13.Nd5 Bg5 14.f4 exf4 15.gxf4 Bh4 16.Be3
f5 17.Bxd4 cxd4 18.exf5 Rxf5 19.Qg4 Rf7 20.Be4 Nf8 21.Kh1 Kh8 22.Rg1 Bf6
23.Rg2 Rb8 24.Rag1 Nd7 25.Qg6 Qg8 26.Bf5 Nf8 27.Qxh6+ {#r} 1-0

[Event "It (open)"]
[Site "Nice (France)"]
[Date "2004.08.05"]
[Round "5"]
[White "Spielmann Alain (FRA)"]
[Black "Salvador Roland (PHI)"]
[Result "0-1"]
[WhiteElo "2249"]
[BlackElo "2315"]

1.c4 c5 2.Nf3 Nc6 3.d4 cxd4 4.Nxd4 e6 5.g3 Bb4+ 6.Nc3 Qa5 7.Nb5 d5 8.Bg2 a6
9.cxd5 exd5 10.a3 axb5 11.axb4 Qxa1 12.Nxd5 Be6 13.Nc7+ Ke7 14.O-O Nf6 15.Qc2
Kf8 16.Qc3 Qa2 17.Bg5 Rc8 18.Bxf6 gxf6 19.Qxf6 Rg8 20.Rd1 Rg6 21.Qf4 Qc4
22.Qd6+ Ne7 {#R} 0-1

[Event "It (open)"]
[Site "Vladimir (Russia)"]
[Date "2004.08.19"]
[Round "2"]
[White "Kostin Konstantin (RUS)"]
[Black "Shaposhnikov Evgeny (RUS)"]
[Result "0-1"]
[WhiteElo "2312"]
[BlackElo "2578"]

1.c4 c5 2.Nf3 Nc6 3.d4 cxd4 4.Nxd4 e5 5.Nc2 Nf6 6.Nc3 Bc5 7.g3 d6 8.Bg2 Be6
9.b3 O-O 10.O-O h6 11.Na4 Qe7 12.Nxc5 dxc5 13.Bxc6 bxc6 14.Ne3 Bh3 15.Ng2 Nh7
16.Ba3 Ng5 17.Qd2 Ne6 18.Rfd1 Nd4 19.Kh1 Rfd8 20.Qa5 Qf6 21.Rf1 Nxe2 22.f3 Rd3
23.Qe1 Nd4 24.Bxc5 Rxf3 25.Rxf3 Bxg2+ 26.Kxg2 Qxf3+ 27.Kh3 Ne2 {#R} 0-1

[Event "It (open)"]
[Site "Winterthur (Switzerland)"]
[Date "2004.10.09"]
[Round "9"]
[White "Knoedler Dieter (GER)"]
[Black "Zollinger Walter (SUI)"]
[Result "1-0"]
[WhiteElo "2362"]
[BlackElo "2039"]

1.c4 c5 2.g3 Nc6 3.Bg2 b6 4.Nf3 Bb7 5.O-O Nf6 6.Nc3 g6 7.e4 e5 8.a3 Be7 9.d3
O-O 10.Ne1 d6 11.Nc2 Nd4 12.Ne3 Re8 13.f4 exf4 14.gxf4 Bf8 15.Ne2 Nxe2+
16.Qxe2 Bg7 17.Bd2 Qe7 18.Rae1 Rad8 19.Bc3 Qf8 20.Qf2 Nd7 21.Qh4 Qe7 22.Qg3
Bxc3 23.bxc3 Qf6 24.e5 dxe5 25.fxe5 Qxe5 26.Bxb7 Qxc3 27.Nd5 Qd4+ 28.Kh1 Kg7
29.Rxe8 Rxe8 30.Bc6 {#r} 1-0

[Event "It (open)"]
[Site "Le Touquet (France)"]
[Date "2004.10.26"]
[Round "3"]
[White "Soyez Cyril (FRA)"]
[Black "Brunner Nicolas (FRA)"]
[Result "0-1"]
[WhiteElo "2178"]
[BlackElo "2269"]

1.c4 c5 2.g3 b6 3.Bg2 Nc6 4.Nc3 g6 5.Nf3 Bg7 6.O-O Bb7 7.e3 Nh6 8.d4 Nf5 9.g4
Nd6 10.b3 f5 11.Bb2 fxg4 12.Ng5 O-O 13.Qxg4 cxd4 14.exd4 Nxd4 15.Bxb7 Nxb7
16.Nd5 Nf3+ 17.Nxf3 Bxb2 18.Nh4 Bxa1 19.Rxa1 Rf7 20.Kh1 e6 {#R} 0-1

[Event "Ch France (team) (nat.4) 2004/05"]
[Site "France"]
[Date "2004.11.07"]
[Round "2"]
[White "Droit Vincent (FRA)"]
[Black "Oudot Jean-Baptiste (FRA)"]
[Result "0-1"]
[WhiteElo "2019"]
[BlackElo "2142"]

1.c4 c5 2.Nf3 Nf6 3.Nc3 e6 4.g3 b6 5.Bg2 Bb7 6.O-O Be7 7.b3 O-O 8.Bb2 a6 9.d4
cxd4 10.Qxd4 d6 11.Rad1 Nbd7 12.e4 Qb8 13.Rfe1 Rd8 14.Qe3 b5 15.cxb5 axb5
16.b4 Rc8 17.Nd4 Ne5 18.Ndxb5 Nc4 19.Qc1 Ba6 20.a4 Ng4 21.Ba1 Bxb5 22.axb5 Bf6
23.e5 Ngxe5 24.Ne4 Be7 25.Qc3 Ra3 26.Qd4 f6 27.h3 Qxb5 {#R} 0-1

[Event "Bayern Regionalliga Southeast 2004/05"]
[Site "Bayern (Germany)"]
[Date "2004.12.12"]
[Round "4"]
[White "Reichert Leif"]
[Black "Prediger Rupert (GER)"]
[Result "0-1"]
[WhiteElo "2213"]
[BlackElo "2278"]

1.c4 c5 2.Nf3 Nf6 3.Nc3 b6 4.g3 Bb7 5.Bg2 e6 6.O-O d6 7.d4 cxd4 8.Qxd4 a6 9.b3
Nbd7 10.Ng5 Bxg2 11.Kxg2 Be7 12.Nge4 Qc7 13.Rd1 O-O 14.Nxd6 Rad8 15.b4 Nb8
16.c5 Nc6 17.Qc4 Nxb4 18.Qxb4 bxc5 19.Qb7 Bxd6 20.Qxa6 Be5 21.Bb2 Ra8 {#R} 0-1

[Event "Ch Russia (juniors) (under 18)"]
[Site "Dagomys (Russia)"]
[Date "2005.04.07"]
[Round "2"]
[White "Maslov Mikhail (RUS)"]
[Black "Garakov Mikhael (RUS)"]
[Result "1-0"]
[WhiteElo "2342"]
[BlackElo "2335"]

1.c4 c5 2.g3 e6 3.Bg2 Nf6 4.Nf3 Nc6 5.O-O Be7 6.b3 O-O 7.Bb2 d6 8.d4 cxd4
9.Nxd4 Bd7 10.Nc3 a6 11.e4 Nxd4 12.Qxd4 Bc6 13.h3 Re8 14.Kh2 Bf8 15.b4 b6
16.Qd3 Qc7 17.Rac1 Bb7 18.Nd1 Nd7 19.f4 Rad8 20.Ne3 Qb8 21.Ng4 Be7 22.f5 Ne5
23.Qe2 Nxg4+ 24.Qxg4 Bf8 25.Bxg7 exf5 26.exf5 h5 27.Qg5 Bxg2 28.Bf6+ Kh7
29.Qxh5+ Bh6 30.Qxf7+ {#r} 1-0

[Event "It (open)"]
[Site "Balatonlelle (Hungary)"]
[Date "2005.06.18"]
[Round "1"]
[White "Martini Balazs (HUN)"]
[Black "Vrona Mihail (HUN)"]
[Result "1-0"]
[WhiteElo "2308"]
[BlackElo "2140"]

1.c4 c5 2.g3 g6 3.Bg2 Bg7 4.e3 Nc6 5.Ne2 Qb6 6.Nbc3 Ne5 7.d3 d6 8.d4 Ng4 9.O-O
N8f6 10.h3 Nh6 11.e4 Nd7 12.Be3 cxd4 13.Nxd4 Qd8 14.Nd5 a6 15.Re1 Ng8 16.Qa4
Nf6 17.Ne6 fxe6 18.Bb6 exd5 19.Bxd8 Kxd8 20.cxd5 b5 21.Qa5+ Ke8 22.f4 Nh5
23.Kh2 Ra7 24.Rac1 Kf7 25.Qd2 Bh6 {#r} 1-0

[Event "It (open)"]
[Site "Biel (Switzerland)"]
[Date "2005.07.21"]
[Round "4"]
[White "Meenakshi S (IND)"]
[Black "Bocharov Dmitry (RUS)"]
[Result "0-1"]
[WhiteElo "2275"]
[BlackElo "2592"]

1.c4 c5 2.Nf3 Nc6 3.d4 cxd4 4.Nxd4 e6 5.Nc3 Bc5 6.e3 Nf6 7.Be2 O-O 8.O-O d5
9.cxd5 exd5 10.Nxc6 bxc6 11.b3 Re8 12.Bb2 Bd6 13.Bf3 h5 14.Re1 Ng4 15.g3 Qg5
16.e4 Bc5 17.Bxg4 Bxg4 18.Qc2 h4 19.Ne2 dxe4 20.gxh4 Qf5 21.Ng3 Qf3 22.Qe2 Qf4
23.Bc1 Qf6 24.Bb2 Qxh4 25.Qc4 Bxf2+ {#R} 0-1

[Event "It (open) "]
[Site "Balatonalmadi (Hungary)"]
[Date "2005.07.30"]
[Round "5"]
[White "Beuselinck Steven (BEL)"]
[Black "Szakolczai Peter (HUN)"]
[Result "0-1"]
[WhiteElo "2165"]
[BlackElo "2316"]

1.c4 c5 2.b3 Nf6 3.Bb2 e6 4.Nf3 b6 5.e3 Bb7 6.d3 Be7 7.Nbd2 O-O 8.Qc2 d6 9.Be2
a6 10.Rg1 Nfd7 11.g4 Bf6 12.d4 cxd4 13.exd4 d5 14.g5 Be7 15.Bd3 g6 16.h4 Nc6
17.a3 Bd6 18.h5 Ne7 19.Ke2 Rc8 20.Rg4 Nf5 21.Rh1 Qe7 22.Kf1 Rfe8 23.hxg6 fxg6
24.Bxf5 exf5 25.Rgh4 Nf8 26.c5 bxc5 27.Qc3 Qg7 28.Qa5 c4 29.bxc4 dxc4 30.d5
Qxb2 {#R} 0-1

[Event "It (open)"]
[Site "Cullera (Spain)"]
[Date "2005.07.30"]
[Round "9"]
[White "Loos Roland (GER)"]
[Black "Kovacevic Slobodan (SRB)"]
[Result "1-0"]
[WhiteElo "2340"]
[BlackElo "2339"]

1.c4 c5 2.g3 Nf6 3.Bg2 e6 4.Nf3 Qc7 5.Nc3 a6 6.O-O d6 7.b3 b6 8.d4 cxd4 9.Qxd4
Bb7 10.Bb2 Nbd7 11.Rfd1 Be7 12.Ng5 Bxg2 13.Kxg2 O-O 14.Nge4 Rfd8 15.f3 Rab8
16.Rac1 Nc5 17.Nxc5 bxc5 18.Qf4 Qc6 19.e4 Nd7 20.Rc2 Qc7 21.Rcd2 Ne5 22.Na4
Rbc8 23.Ba1 Nc6 24.Qg4 Ne5 25.Qf4 Ng6 26.Qe3 h6 27.Qe2 Qb8 28.Re1 {#r} 1-0

[Event "Oberliga Southwest 2005/06"]
[Site "Germany"]
[Date "2006.01.15"]
[Round "5"]
[White "Schluchter Steffen (GER)"]
[Black "Vogler Tilmann (GER)"]
[Result "0-1"]
[WhiteElo "2128"]
[BlackElo "2324"]

1.c4 c5 2.g3 g6 3.Nc3 Bg7 4.Bg2 Nf6 5.Nf3 O-O 6.O-O a6 7.d4 cxd4 8.Nxd4 d6
9.b3 Nbd7 10.Bb2 Rb8 11.Qd2 Qa5 12.Rfd1 Qh5 13.Nc2 Re8 14.Ne3 b5 15.cxb5 axb5
16.Qd4 Ne5 17.Ncd5 Qxe2 18.Rd2 Nf3+ 19.Bxf3 Qxf3 20.Qa7 Bb7 21.Bxf6 Bxf6
22.Rad1 e6 23.Nxf6+ Qxf6 24.h4 Bf3 25.Rc1 Rbc8 26.Rdc2 Rxc2 27.Rxc2 Be4 28.Rd2
Rc8 29.Rd1 Qf3 30.Kh2 Qxf2+ {#R} 0-1

[Event "Cup Winter"]
[Site "Bucharest (Romania)"]
[Date "2006.01.25"]
[Round "12"]
[White "Peptan Corina-Isabela (ROM)"]
[Black "Osman Mihai (FRA)"]
[Result "1-0"]
[WhiteElo "2428"]
[BlackElo "2155"]

1.c4 c5 2.Nf3 Nc6 3.g3 d6 4.Bg2 Bd7 5.O-O Qc8 6.Re1 Bh3 7.Bh1 h5 8.d4 h4 9.d5
Ne5 10.Nxe5 dxe5 11.Nd2 hxg3 12.hxg3 Nf6 13.Nf3 Bg4 14.Nxe5 Rxh1+ 15.Kxh1 Qf5
16.Bf4 Qh7+ 17.Kg1 O-O-O 18.Qd3 Qh3 19.Qa3 e6 20.Qxa7 Bd6 21.Qa8+ Kc7 22.Qa5+
Kc8 23.Nxf7 {#r} 1-0

[Event "Ch Russia (juniors) (under 18) (g)"]
[Site "Dagomys (Russia)"]
[Round "8"]
[White "Tarasova Viktoriya (RUS)"]
[Black "Cheremnova Tamara (RUS)"]
[Result "1-0"]
[WhiteElo "2279"]
[BlackElo "2207"]

1.c4 c5 2.b3 Nf6 3.Bb2 b6 4.Bxf6 gxf6 5.Nc3 Nc6 6.g3 Bb7 7.Bg2 Bg7 8.e3 Rb8
9.Nge2 Ne5 10.Bxb7 Nd3+ 11.Kf1 Rxb7 12.Qc2 Ne5 13.d4 cxd4 14.exd4 Ng6 15.h4 h6
16.Qe4 Rb8 17.h5 Nf8 18.Re1 Nh7 19.f4 O-O 20.Kf2 e6 21.g4 Kh8 22.Rh3 a6 23.a4
Rg8 24.Rg3 Qf8 25.Rf1 Qb4 26.Qc2 Rbc8 27.Qb1 Rb8 28.Rd1 {#r} 1-0

[Event "Bayern Oberliga 2005/06"]
[Site "Bayern (Germany)"]
[Date "2006.04.02"]
[Round "9"]
[White "Enigl Karl (AUT)"]
[Black "Sirch Franz (GER)"]
[Result "1-0"]
[WhiteElo "2140"]
[BlackElo "2184"]

1.c4 c5 2.Nf3 Nf6 3.Nc3 e6 4.g3 b6 5.Bg2 Bb7 6.O-O Be7 7.b3 O-O 8.Bb2 d6 9.e3
Nbd7 10.Qe2 a6 11.d3 Qc7 12.Nh4 Bxg2 13.Nxg2 Ne5 14.f4 Nc6 15.g4 Rfd8 16.g5
Nd7 17.Qg4 Nf8 18.Ne4 d5 19.Nf6+ Kh8 20.Rf3 d4 21.Nxh7 Kxh7 22.Qh5+ Kg8 23.Rh3
Ng6 24.Qh7+ Kf8 25.Qh8+ {#r} 1-0

[Event "It (open) "]
[Site "Athens (Greece)"]
[Date "2006.09.16"]
[Round "3"]
[White "Kakadelis Str (GRE)"]
[Black "Tsimboukidis Anastasios (GRE)"]
[Result "1-0"]
[WhiteElo "2110"]
[BlackElo "2060"]

1.c4 c5 2.b3 Nc6 3.Bb2 e5 4.Nc3 g6 5.g3 Bg7 6.Bg2 Nge7 7.h4 h6 8.e3 O-O 9.Nge2
d6 10.O-O Rb8 11.Nd5 a6 12.d4 exd4 13.exd4 Nf5 14.Qd2 Ncxd4 15.Nxd4 Nxd4
16.Rfe1 Kh7 17.Rad1 Bg4 18.Bxd4 Bxd4 19.Rc1 Be6 20.h5 Bxd5 21.Bxd5 Qf6 22.Re4
g5 23.Qe2 Be5 24.Rd1 Rfe8 25.Rd3 Rg8 26.Rf3 Qh8 27.Rxf7+ Rg7 28.Rxe5 Rxf7
29.Qe4+ Kg8 30.Re8+ {#r} 1-0

[Event "It (open)"]
[Site "Winterthur (Switzerland)"]
[Date "2006.10.07"]
[Round "2"]
[White "Haas Carmi (SUI)"]
[Black "Flumbort Andras (HUN)"]
[Result "0-1"]
[WhiteElo "2142"]
[BlackElo "2518"]

1.c4 c5 2.Nf3 Nc6 3.g3 e5 4.d3 g6 5.Bg2 Bg7 6.Nc3 d6 7.h3 Nge7 8.O-O O-O 9.Nd5
Rb8 10.Rb1 b5 11.Nxe7+ Qxe7 12.cxb5 Rxb5 13.Nd2 Nd4 14.e3 Ne6 15.b4 Rxb4
16.Rxb4 cxb4 17.a3 Ba6 18.Nc4 Bxc4 19.dxc4 a5 20.Bd2 Rb8 21.Qb1 Nc5 22.Bc6 Qe6
23.axb4 axb4 24.Bb5 e4 25.Bxb4 Nd3 26.Qb3 {#R} 0-1

[Event "Memorial J.Capablanca (open)"]
[Site "Habana (Cuba)"]
[Date "2006.11.30"]
[Round "10"]
[White "Hernandez Holden (CUB)"]
[Black "Borges Mateos Juan (CUB)"]
[Result "1-0"]
[WhiteElo "2524"]
[BlackElo "2431"]

{ Hernandez Holden (CUB) +2 =1 -0 Borges Mateos Juan (CUB) +0 =2 -3 Hernandez
Holden (CUB)-Borges Mateos Juan (CUB) +1 =1 -0 } 1.c4 c5 2.g3 g6 3.Nf3 Bg7
4.Bg2 Nc6 5.O-O Nh6 6.Nc3 Nf5 { ?/= } 7.b3 ( 7.a3 O-O 8.Rb1 d6 9.b4 Rb8 10.Ng5
Ne5 11.bxc5 dxc5 12.Qa4 a6 13.Nge4 Bd7 14.Qd1 b6 15.d3 Bc6 16.a4 Nd7 17.Bf4
Be5 18.Bxe5 Nxe5 19.a5 b5 20.cxb5 axb5 21.Nxc5 Bxg2 22.Kxg2 Qxa5 23.N3e4 Qa2
24.Nb3 Rfc8 25.Nec5 Qa8+ 26.Kg1 Qc6 { ...1-0, Kozul Zdenko 2576 - Zivanic
Marko 2454 , Bizovac 25. 2.2005 It (open) } ) 7...a6 ( 7...O-O 8.Bb2 d6 9.d3
a6 10.Qd2 Rb8 11.Nd5 Bxb2 12.Qxb2 b5 13.e3 bxc4 14.dxc4 Bd7 15.Nd2 Nb4 16.Nxb4
Rxb4 17.Ne4 Be6 18.Qc2 Qc7 19.Rad1 Rfb8 20.h4 Ng7 21.Bf3 h5 22.Nc3 Qc8 23.Nd5
Bxd5 24.Rxd5 Ne8 25.Rd2 Nf6 26.Kg2 a5 27.Bd1 { ...0-1, Cifuentes Parada
Roberto 2470 - Milos Gilberto 2510 , Santiago 1989 It (cat.11) } ) ( 7...d6
8.Bb2 O-O 9.Qc1 Rb8 10.Nd5 Bxb2 11.Qxb2 b5 12.d3 bxc4 13.dxc4 Bb7 14.e3 Ng7
15.Nd2 f5 16.Nb1 e6 17.Nf4 Ne5 18.Qe2 Bxg2 19.Kxg2 g5 20.Nd3 Nc6 21.f4 Qf6
22.Nd2 g4 23.h3 h5 24.hxg4 hxg4 25.Rh1 Kf7 { 0-1, Bernasek Jan 2440 -
Malakhatko Vadim 2570 , Bar 10. 3.2005 It (open) } ) ( 7...b6 8.Bb2 Bb7 9.d3
e6 10.e4 Nfd4 11.Nxd4 Bxd4 12.Qd2 Qf6 13.Rab1 O-O 14.Ne2 Bxb2 15.Qxb2 Qxb2
16.Rxb2 a6 17.Rd1 e5 18.Nc3 d6 19.a3 Rfb8 20.Nd5 Bc8 21.b4 cxb4 22.Nxb4 Nd4
23.Nd5 b5 24.Rdb1 Be6 25.Nc3 Rc8 26.Bf1 Ra7 27.Rc1 { ...0-1, Huguet Bernard
2145 - Hort Vlastimil 2590 , Las Palmas 1973 It } ) 8.Bb2 { +0.26 CAP } 8...b5
{ N } ( 8...O-O 9.d3 ( 9.Na4 Bxb2 10.Nxb2 Rb8 11.e3 e5 12.Na4 d6 13.Nc3 Be6
14.d3 Qf6 15.Re1 Rfd8 16.Qc2 h6 17.Rad1 g5 18.Ne2 Nfe7 19.d4 Bf5 20.Qc3 Be4
21.dxe5 dxe5 22.Nd2 Bxg2 23.Kxg2 Qg6 24.Nf1 g4 25.a3 h5 26.Qc1 Qe4+ 27.Kg1 h4
28.Nc3 { ...1/2-1/2, Chuprikov Dmitry 2396 - Boricsev Oleg 2396 , Alushta 2003
It (cat.8) } ) 9...b5 10.Qd2 Rb8 11.e3 d6 12.Nd5 e5 13.e4 Bh6 14.Qc2 Nfe7
15.h3 f5 16.Nxe7+ Qxe7 17.exf5 Bxf5 18.Nh4 Bd7 19.Qe2 Nd4 20.Bxd4 cxd4 21.Nf3
bxc4 22.bxc4 Qd8 23.Rab1 Qa5 24.Rxb8 Rxb8 25.g4 Kh8 26.g5 Bg7 27.Nh2 Qa3
28.Rd1 { ...1-0, Demeter Peter 2205 - Krivoshey Sergei 2460 , Prievidza 1998
Ch Slovakia } ) ( 8...d6 9.Rb1 Nfd4 10.Ne1 h5 11.e3 Nf5 12.Ne2 e5 13.Nc2 h4
14.g4 Nfe7 15.h3 f5 16.g5 f4 17.Nxf4 O-O 18.Nd5 Nxd5 19.cxd5 Na7 20.f4 exf4
21.Bxg7 Kxg7 22.exf4 Nb5 23.a4 Nd4 24.Nxd4 cxd4 25.Qe1 Bf5 26.Rc1 Rh8 27.Qf2
Qb6 28.a5 { ...1-0, Shushpanov Rustam 2460 - Ogloblin Nikolay 2418 , Tomsk
2001 Ch Russia (club) } ) 9.Qc1 Rb8 10.Ne4 Nfd4 11.Nxd4 cxd4 12.cxb5 Rxb5
13.Nc5 Qa5 14.Nd3 O-O 15.Qc2 Nb4 16.Nxb4 Qxb4 17.Rfc1 d6 18.Qd1 Be6 19.d3 a5
20.Rc7 Bf6 21.Bc1 Rc5 22.Rb7 Qc3 23.Bd2 { ?! } ( 23.Ba3 { !? } 23...Rfc8
24.Bxc5 Rxc5 25.a3 Qb2 26.b4 axb4 27.axb4 Rc2 28.Bf3 g5 { } ) 23...Qb2 24.b4
axb4 25.Bxb4 Bd5 26.Rb6 { } {#r} 1-0

[Event "Ch Poland (juniors) (under 20)"]
[Site "Sroda Wielkopolska (Poland)"]
[Date "2007.01.29"]
[Round "3"]
[White "Moranda Wojciech (POL)"]
[Black "Brodowski Piotr (POL)"]
[Result "1-0"]
[WhiteElo "2533"]
[BlackElo "2425"]

1.c4 c5 2.Nf3 Nc6 3.d4 cxd4 4.Nxd4 Qb6 5.Nc2 Nf6 6.g3 Ne5 7.b3 Nfg4 8.Qd4 Qc6
9.f3 Nxf3+ 10.exf3 Qxf3 11.Nd2 Qxh1 12.Qxg4 h5 13.Qe2 Rh6 14.Nf3 Rf6 15.Bf4 g5
16.O-O-O Re6 17.Be3 g4 18.Bg2 gxf3 19.Bxf3 Qxd1+ 20.Qxd1 d6 21.Bxh5 Bd7 22.Bg4
Rg6 23.Bxd7+ Kxd7 {#r} 1-0

[Event "Ch Saarland"]
[Site "Heusweiler (Germany)"]
[Date "2007.03.30"]
[Round "1"]
[White "Dietzen Corinna (GER)"]
[Black "Becker Thomas (GER)"]
[Result "1-0"]
[WhiteElo "2029"]
[BlackElo "2187"]

1.c4 c5 2.Nc3 b6 3.Nf3 Bb7 4.g3 Nf6 5.Bg2 e6 6.O-O Be7 7.b3 O-O 8.e3 a6 9.Qe2
d6 10.Rd1 Qc7 11.Bb2 Nbd7 12.d4 Rac8 13.e4 cxd4 14.Nxd4 Qb8 15.f3 Rfe8 16.Kh1
d5 17.cxd5 exd5 18.Nxd5 Nxd5 19.exd5 Bf6 20.Qd2 Bxd5 21.Nf5 Rc5 22.Bxf6 Nxf6
23.Qg5 g6 24.Qxf6 gxf5 25.Qg5+ Kh8 26.b4 {#r} 1-0

[Event "Verbandsliga Baden South 2006/07"]
[Site "Baden (Germany)"]
[Date "2007.04.29"]
[Round "9"]
[White "Buttenmueller Thomas"]
[Black "Von Buhrmeister Peter"]
[Result "1-0"]
[WhiteElo "2133"]
[BlackElo "2168"]

1.c4 c5 2.g3 Nc6 3.Bg2 g6 4.e3 Bg7 5.Ne2 e6 6.O-O Nge7 7.d4 cxd4 8.exd4 d5
9.cxd5 Nxd5 10.Nbc3 Nde7 11.Bg5 f6 12.Be3 O-O 13.d5 exd5 14.Nxd5 Nxd5 15.Qxd5+
Qxd5 16.Bxd5+ Kh8 17.Rac1 Bd7 18.Nf4 f5 19.Rc4 Rac8 20.Nxg6+ hxg6 21.Rh4+ Bh6
22.Bxh6 Rfe8 23.Bf8# 1-0

[Event "Tournament (open)"]
[Site "Nitero (Brazil)"]
[Date "2007.06.02"]
[Round "5"]
[White "Fontes Carlos Henrique (BRA)"]
[Black "Da Silva Paolo Ghiu M Rego (BRA)"]
[Result "1-0"]
[WhiteElo "2209"]
[BlackElo "2096"]

1.c4 c5 2.Nf3 Nc6 3.g3 g6 4.Bg2 Bg7 5.O-O Nh6 6.Nc3 e6 7.d4 cxd4 8.Bxh6 Bxh6
9.Nxd4 Nxd4 10.Qxd4 O-O 11.Nb5 a6 12.Nd6 Qc7 13.e4 Bg7 14.e5 f6 15.f4 Rb8
16.b4 b6 17.Rac1 a5 18.a3 Ba6 19.b5 Bc8 20.Rfe1 fxe5 21.fxe5 Qd8 22.c5 bxc5
23.Qxc5 Qe7 24.Qc7 Qg5 25.Qxb8 Bxe5 26.Rxc8 Bxd6 27.Rxf8+ {#r} 1-0

[Event "It (open) "]
[Site "Mielno (Poland)"]
[Date "2007.06.18"]
[Round "1"]
[White "Nowak Ryszard (POL)"]
[Black "Sharapov Evgeny (UKR)"]
[Result "0-1"]
[WhiteElo "2164"]
[BlackElo "2399"]

1.c4 c5 2.Nf3 Nc6 3.e3 e5 4.d4 cxd4 5.exd4 e4 6.d5 exf3 7.dxc6 Bb4+ 8.Nc3 Qe7+
9.Be3 dxc6 10.Qxf3 Nf6 11.Bd3 Bg4 12.Qg3 h5 13.O-O h4 14.Qf4 Bd6 15.Qg5 Rh5
16.Rae1 Rxg5 17.Bxg5 Be6 18.f4 O-O-O 19.Nb1 {#R} 0-1